| 000 | 01836cam a22004694i 4500 | ||
|---|---|---|---|
| 003 | PE-LiUPU | ||
| 005 | 20250731173459.0 | ||
| 008 | 150616s r 000 0 d | ||
| 020 | _a0801083532 | ||
| 035 | _a(Sirsi) i9780801083532 | ||
| 040 |
_aPE-LiUPU _bspa _cPE-LiUPU _erda |
||
| 049 | _aPRUA | ||
| 082 | 0 | 4 |
_a241.209015 _bS31 _221 |
| 100 | 1 |
_aSchreiner, Thomas R., _eautor. |
|
| 245 | 1 | 4 | _aThe Law and Its Fulfillment; A Pauline Theology of Law. |
| 264 | 1 |
_aGrand Rapids, Michigan : _bBaker Books, _c1993. |
|
| 300 |
_a294 páginas ; _c22 centímetros |
||
| 336 |
_atext _2rdacontent |
||
| 337 |
_aunmediated _2rdamedia |
||
| 338 |
_avolume _2rdacarrier |
||
| 505 | 0 | _aThe meaning of the term law in Paul -- Why the works of the law cannot save -- The purpose of the law -- Is Paul Opposing Jewish legalism? -- The temporary nature of the mosaic covenant -- The fulfillment of the law by christians -- Did Paul teach justification by works? -- Soundings from the rest of the New Testament. | |
| 526 | _aSEG42 | ||
| 526 | _aSEG41 | ||
| 526 | _aSEG40 | ||
| 526 | _aSEG39 | ||
| 526 | _aP94 | ||
| 526 | _aP87 | ||
| 526 | _aP86 | ||
| 526 | _aP85 | ||
| 526 | _aP77 | ||
| 526 | _aP76 | ||
| 526 | _aP35 | ||
| 630 |
_aBiblia. _pN.T. _pEpístolas de Pablo _xTEOLOGIA. |
||
| 650 | 0 | 4 |
_aLey (Teología) _xEnseñanza bíblica. |
| 910 |
_ajck _bjvq _cjck |
||
| 942 |
_2ddc _cBOOK |
||
| 949 |
_a241.209015 S31 _wDEWEY _c1 _i40237 _lCCODEBUL1 _mBUL _r0 _sY _tBOOK _u2015-6-16 _xTEOLOGIA _zUNKNOWN _0COMPRA _o.STAFF. Colección General |
||
| 994 |
_aC0 _bPEPRU |
||
| 596 | _a1 | ||
| 999 |
_a241.209015 S31 _wDEWEY _c58036 _i40237 _f2021-11-10 _g5 _lCCODEBUL1 _mBUL _r0 _sY _tBOOK _u2015-6-16 _xTEOLOGIA _zUNKNOWN _0COMPRA _o.STAFF. Colección General _d58036 |
||
| 980 |
_81 _gALBERTO SANCHEZ Responsable de Automatización |
||